Normal view MARC view
  • Dixit,J.B.

Entry Personal Name

Number of records used in: 1

001 - CONTROL NUMBER

  • control field: 7115

003 - CONTROL NUMBER IDENTIFIER

  • control field: OSt

005 - DATE AND TIME OF LATEST TRANSACTION

  • control field: 20190402123016.0

008 - FIXED-LENGTH DATA ELEMENTS

  • fixed length control field: 190402|| aca||aabn | a|a d

040 ## - CATALOGING SOURCE

  • Original cataloging agency: OSt
  • Transcribing agency: OSt

100 ## - HEADING--PERSONAL NAME

  • Personal name: Dixit,J.B.

670 ## - SOURCE DATA FOUND

  • Source citation: Work cat.: (OSt): Dixit,J.B., Information Practices-XI

Powered by Koha